| 000 | 00542 a2200193 4500 | ||
|---|---|---|---|
| 005 | 20260217103205.0 | ||
| 008 | 260216b |||||||| |||| 00| 0 eng d | ||
| 020 |
_a9788119497799 _cRs. 2495.00 |
||
| 040 | _aMAIN | ||
| 082 |
_a580.76 _bA35U |
||
| 100 | _aAshish Kumar, ed. | ||
| 245 | _aUGC NET/JRF/SET botany | ||
| 260 |
_bParadise Publishers _c2026 _aJaipur |
||
| 300 | _a250 | ||
| 650 | _aBotany- Examinations- Study Guides | ||
| 650 | _aBotany- Questions and Answers | ||
| 650 | _aUGC- NET- Competitive Examinations | ||
| 942 | _cBK | ||
| 999 |
_c396031 _d396031 |
||